00517nam a2200181 a 45000010010000000030011000100080041000210350026000620820014000881000018001022450017001202600047001376500014001849420012001989520090002109980020003009990015003200000-9304ELIB.Books110520 1995  a(ELIB.Books)0000-9456 a236 bCol aColton, C. E. aWhat's Next? bPhiladelphia: The Westminster Press c1995 aSalvation 2ddccBK 00102ddc4070aKBTSbKBTSd2011-05-20l0p8039r2022-01-22 00:00:00w2022-01-22yBK cbate2011-05-20 c9304d9304